[Event "GER-ch Blitz Women 2020"]
[Site "Magdeburg"]
[Date "2020.08.15"]
[Round "6.2"]
[White "Zeller, Elisa"]
[Black "Muetsch, Annmarie"]
[Result "0-1"]
[WhiteElo "1969"]
[BlackElo "2219"]
[Annotator "TA"]
[PlyCount "78"]
[EventDate "2020.07.28"]
[EventType "tourn"]
[EventCountry "GER"]
[SourceTitle "playchess.com"]
[Source "ChessBase"]
[SourceQuality "1"]

{[%evp 18,78,18,-15,-8,-44,-51,-81,-41,-52,-13,-15,15,-100,11,16,36,31,31,-37,-35,-39,19,12,60,52,54,6,50,-25,-26,-60,-22,-84,-7,-31,-19,-73,8,0,0,-10,-11,-622,49,6,116,107,106,0,0,0,35,-846,-838,-843,-837,-898,-890,-2104,-2071,-1589,-1587]} 1. e4 c5 2. Nf3 Nc6 3. d4 cxd4 4. Nxd4 e5 5. Nb5 d6 6. N1c3 a6 7. Na3 b5 8. Nd5 Nge7 9. Be3 Nxd5 10. Qxd5 Qc7 {B33: Sicilian: Pelikan and Sveshnikov Variations.} 11. c3 Be6 12. Qd2 Be7 {Black is better.} 13. Be2 O-O 14. O-O Rad8 15. Bf3 {[#]} (15. c4 $1 $11) 15... Kh8 $146 ({Black should try} 15... d5 $1 $17 {[%cal Rd5e4][%mdl 512] ...dxe4 is the strong threat.} 16. exd5 Bxa3 17. bxa3 Ne7) ({Predecessor:} 15... Na5 16. Rfd1 Nc4 17. Nxc4 bxc4 18. Qe2 Rb8 19. Rd2 Qc6 20. Rad1 Rb5 21. h3 Rfb8 {0-1 (57) Einarsson,O (1696)-Briem,B (1811) Akureyri 2019}) 16. Rfd1 $11 f5 17. exf5 $1 Bxf5 18. Qe2 (18. Qd5 $14 Rc8 19. Be4) 18... e4 $15 19. Bg4 Qc8 (19... Bxg4 $15 20. Qxg4 d5) 20. Bxf5 $11 Qxf5 21. Nc2 Ne5 22. Nd4 Qg6 23. Kh1 (23. a4 $14) 23... d5 24. Rg1 Bd6 25. g3 (25. f4 $1 $11 exf3 26. gxf3) 25... Nf3 (25... Bc5 $17 26. Nb3 Be7) 26. Nxf3 exf3 ({Much worse is} 26... Rxf3 27. a4 $11) 27. Qd2 (27. Qf1 $11 {keeps the balance.}) 27... Qg4 (27... Qh5 $17 {And now ...Rf5 would win.} 28. Qd4 Rde8) 28. Qd4 Qh5 29. Rae1 Be5 30. Qd2 $2 {[%mdl 8192] [#]} (30. Qb4 $11) 30... Qh3 $2 ({Better is} 30... Rf5 $1 $19 {( -> ...Qxh2+!)} 31. h4 Qg4) 31. Bd4 Bd6 {[#]} (31... Bxd4 $11 32. Qxd4 Qf5) 32. Qg5 $1 $16 {[%csl Gd4][%cal Rg5g7][%mdl 512]} Rd7 33. Be5 ({Weaker is} 33. Qxd5 Bxg3 34. Rxg3 Qxg3 $17) ({White should play} 33. b4 $16) 33... Bxe5 $40 {[%mdl 128] Black mounts an attack.} (33... Re7 $5 34. Bd4 $8 Rd7 $14) 34. Rxe5 Rd6 {White must now prevent ...Rh6.} 35. Rxd5 $2 {[%mdl 8192]} (35. Qe7 $14 Rdd8 36. g4) 35... Rh6 $19 {Black is clearly winning.} 36. Qxh6 Qxh6 37. Rd4 Kg8 38. h4 Qe6 {[%cal Re6h3]} 39. Kh2 Qe2 {[%mdl 64] Double Attack. Accuracy: White = 30%, Black = 36%.} 0-1

[Event "GER-ch Blitz Women 2020"]
[Site "Magdeburg"]
[Date "2020.08.15"]
[Round "6.3"]
[White "Sieber, Fiona"]
[Black "Birkholz, Olga"]
[Result "0-1"]
[WhiteElo "2201"]
[BlackElo "2001"]
[Annotator "TA"]
[PlyCount "74"]
[EventDate "2020.07.28"]
[EventType "tourn"]
[EventCountry "GER"]
[SourceTitle "playchess.com"]
[Source "ChessBase"]
[SourceQuality "1"]

{[%evp 18,74,59,27,22,22,39,13,54,50,73,53,63,30,34,27,95,20,33,27,27,23,27,19,16,8,2,0,22,-48,-49,-87,-71,-160,-134,-338,-306,-464,-468,-433,-434,-1234,-1214,-2006,-1866,-1061,-801,-802,-802,-935,-934,-918,-902,-1571,-1025,-1374,-1369,-29987,-29987]} 1. e4 c5 2. Nf3 a6 3. c4 g6 4. d4 Bg7 5. Nc3 cxd4 6. Nxd4 d6 7. Be3 Nc6 8. Be2 Nf6 9. O-O O-O 10. Nb3 Be6 {B38: Sicilian: Maroczy Bind with 5...Bg7 and 7...0-0.} 11. Rc1 Rc8 {[#]} 12. Nd2 $146 ({Predecessor:} 12. f4 Na5 13. e5 Nxb3 14. Qxb3 dxe5 15. Rfd1 Qc7 16. Nd5 Bxd5 17. cxd5 Qb8 18. fxe5 Qxe5 {½-½ (42) Cramling,P (2492)-Cmilyte,V (2480) Tallinn 2006}) 12... Qd7 {The position is equal.} 13. h3 Ne8 14. b3 Nd4 15. Nf3 Nxe2+ 16. Qxe2 f5 (16... b5 $11) 17. Ng5 (17. exf5 $16 Bxf5 18. Na4) 17... f4 $1 $11 {[%cal Rf4e3]} 18. Bd2 h6 $1 {[%cal Rh6g5]} 19. Nxe6 Qxe6 20. Nd5 g5 21. Rfd1 Nf6 22. Re1 Rf7 23. Qd3 ({White should try} 23. e5 $11 dxe5 24. Qxe5 Qxe5 25. Rxe5 Nxd5 26. Rxd5) 23... Nd7 $15 24. Bc3 f3 25. g4 (25. Bxg7 $142 Kxg7 26. Ne3) 25... Ne5 26. Qe3 $2 {[#] Loses the game.} (26. Bxe5 $17 Bxe5 27. Red1) 26... Nxg4 $1 $19 {[%mdl 512]} 27. Qd3 (27. Qd2 {is a better defense.}) (27. hxg4 Qxg4+) 27... Ne5 28. Qf1 g4 {Strongly threatening ...g3!} 29. h4 {[#]} (29. Kh1 $142 Kh7 30. Rc2) 29... g3 $1 {[%mdl 512]} 30. Ne3 (30. fxg3 f2+) 30... g2 31. Nxg2 fxg2 32. Qxg2 Nf3+ 33. Kh1 Nxe1 34. Rxe1 Kh7 35. Bd2 Qf6 36. f4 Qxh4+ 37. Kg1 Rg8 {Accuracy: White = 33%, Black = 85%.} 0-1

[Event "GER-ch Blitz Women 2020"]
[Site "Magdeburg"]
[Date "2020.08.15"]
[Round "6.4"]
[White "Skibbe, Diana"]
[Black "Zimmer, Elke"]
[Result "1/2-1/2"]
[WhiteElo "1991"]
[BlackElo "1952"]
[Annotator "TA"]
[PlyCount "91"]
[EventDate "2020.07.28"]
[EventType "tourn"]
[EventCountry "GER"]
[SourceTitle "playchess.com"]
[Source "ChessBase"]
[SourceQuality "1"]

{[%evp 9,91,42,36,31,67,38,75,-58,-50,-81,-79,-122,-120,-116,-112,-235,-229,-375,-358,-375,-358,-373,-359,-361,-345,-514,-418,-536,-517,-572,-570,-599,-584,-624,-343,-543,-548,-519,-502,-814,-551,-637,-275,-295,-271,-6527,-390,-372,-378,-450,-273,-267,-197,-236,-234,-272,-260,-353,-269,-363,-353,-430,-425,-458,-433,-810,-585,-463,-305,-465,0,0,0,0,0,0,0,0,0,0,0,0,0,0]} 1. e4 d6 2. d4 g6 3. f4 Bg7 4. Nf3 e6 5. Bd3 Ne7 6. c3 {B06: Modern Defence.} d5 {[#]} 7. Nbd2 $146 ({Predecessor:} 7. O-O O-O 8. Be3 b6 9. Nbd2 Bb7 10. e5 Nd7 11. h4 c5 12. Kf2 Nf5 13. Bxf5 gxf5 {1-0 (23) Uusitalo,R (1705)-Stockfelt,J (1425) Naantali 2015}) 7... h5 8. f5 (8. O-O $16) 8... exf5 $15 9. exf5 Bxf5 10. Bxf5 Nxf5 11. Qe2+ Qe7 12. Ne5 (12. Qxe7+ $17 Kxe7 13. Nb3) 12... O-O $19 13. Ndf3 (13. Nb3 {might work better.}) 13... Re8 14. O-O f6 15. Qb5 fxe5 16. Qxb7 Nd7 17. Bg5 (17. Qxd5+ {was called for.} Qe6 18. Qxe6+ Rxe6 19. Re1) 17... Qf7 {[%cal Re5d4]} 18. dxe5 Nxe5 19. Nxe5 Bxe5 20. Rae1 {intending Rxe5.} Bd6 21. Rd1 Be7 22. Bf4 (22. Bxe7 $142 Qxe7 23. Qxd5+ Kh8 24. Qd2) 22... Rab8 23. Qxa7 Rxb2 24. a4 (24. Qxc7 $142 Qe6 25. Qa5) 24... Qf8 {[#] Strongly threatening ...Bc5+.} 25. Qxc7 Bd6 (25... Bc5+ $142 26. Kh1 Ree2) 26. Bxd6 Qxd6 27. Qa7 $2 (27. Qxd6 Nxd6 28. Rf6) 27... Qb6+ $2 (27... Ree2 28. Rf2 Rxf2 {[%mdl 64] Overworked Piece} 29. Qxf2 Rxf2 30. Kxf2 Qxh2) 28. Qxb6 Rxb6 29. Rxd5 Rc8 {[#] White must now prevent ...Ne3.} 30. a5 Ra6 {Hoping for ...Ne3.} 31. Rc1 Kf7 32. c4 Ne3 33. Rd4 Rc5 34. h3 Raxa5 ({But not} 34... Rcxa5 35. Re4 $19) 35. Kf2 Nf5 36. Rd7+ Kf6 37. g4 (37. Rd2 $142) 37... hxg4 38. hxg4 Ng7 39. g5+ (39. Rc3 {is a better defense.} Ne6 40. Rd6) 39... Kxg5 $2 (39... Rxg5 $19 40. Rd6+ Ne6) 40. Rxg7 {[%mdl 4096] Endgame KRR-KRR. The position is equal.} Ra3 41. Rg1+ Kf4 {And now ...Ra2+ would win.} 42. Rf7+ Ke5 43. Rg5+ Ke6 44. Rxc5 Kxf7 45. Ke2 Ra1 46. Ke3 {And White is the lucky defender. Accuracy: White = 23%, Black = 52%.} 1/2-1/2

[Event "GER-ch Blitz Women 2020"]
[Site "Magdeburg"]
[Date "2020.08.15"]
[Round "6.5"]
[White "Scognamiglio, Stefanie"]
[Black "Frey, Alisa"]
[Result "0-1"]
[WhiteElo "2097"]
[BlackElo "2087"]
[Annotator "TA"]
[PlyCount "68"]
[EventDate "2020.07.28"]
[EventType "tourn"]
[EventCountry "GER"]
[SourceTitle "playchess.com"]
[Source "ChessBase"]
[SourceQuality "1"]

{[%evp 10,68,30,34,45,45,45,45,47,48,60,26,32,8,19,0,0,-23,-16,-40,-35,-39,-37,-30,166,175,174,47,39,46,37,6,76,19,16,17,12,-37,62,0,0,0,0,-17,-3,-244,-43,-230,-226,-282,-318,-733,-384,-1081,-1062,-1313,-1286,-1424,-1000,-1181,-1116]} 1. e4 e5 2. Nf3 Nc6 3. Bc4 Nf6 4. c3 Be7 5. d3 d6 6. O-O Bg4 {C55: Two Knights: 4 d3, 4 d4 exd4 5 e5 and Max Lange Attack.} 7. h3 Bh5 8. a4 O-O {White is slightly better.} 9. Nbd2 Qd7 {[#]} 10. b4 $146 ({Predecessor:} 10. Re1 Bg6 11. Nf1 Rfe8 12. Ng3 Bf8 13. Nh4 d5 14. exd5 Nxd5 15. Nxg6 hxg6 16. a5 {1-0 (40) Eugene,F (2294)-Gits,A (1945) Hyeres 2019}) 10... Nd8 11. b5 Ne6 12. Bxe6 fxe6 13. Qc2 h6 14. d4 exd4 15. cxd4 Bg6 16. Re1 d5 $2 (16... a6 $11) 17. Ne5 $18 {[%mdl 64] [#] Double Attack} Qe8 18. Nxg6 (18. Qxc7 $18 Bb4 19. Qxb7) 18... Qxg6 $14 19. Ba3 Bd6 20. Ra2 Rad8 (20... Nh5 $11 {remains equal.} 21. Bxd6 cxd6 22. exd5 Qg5) 21. Bc1 ({White should play} 21. Bxd6 $16 cxd6 22. exd5 {[%mdl 64] Discovered Attack} Qxc2 23. Rxc2) 21... Bb4 22. e5 {[#]} Ne4 $1 {[%mdl 512]} 23. Rf1 {Threatening f3.} (23. Nxe4 {with more complications.} Bxe1 24. Nf6+ Rxf6 25. exf6 Qxf6 26. Qxc7 Rf8 27. Be3) 23... Qf5 (23... Bxd2 $15 24. Bxd2 Rf3) 24. Nf3 (24. Nxe4 $14 Qxe4 25. Qxe4 dxe4 26. Be3) 24... c5 $11 25. bxc6 bxc6 26. Be3 Rc8 $36 {[%mdl 2048] Black is pushing.} 27. Rb1 $2 (27. Qd3 $11) 27... a5 $2 (27... c5 $19 {...Qg6 is the strong threat.} 28. Rab2 a5 29. dxc5 Bxc5 30. Bxc5 Rxc5) 28. Rxb4 $2 (28. Rc1 $15) 28... axb4 $19 29. a5 Ra8 30. Qa4 $2 (30. Qb2 Rfb8 31. Ra4) 30... Rfb8 {Hoping for ...Nc3.} 31. a6 $2 (31. Qb3) 31... Nc3 {[%mdl 64] Double Attack. Black is clearly winning.} 32. Qxc6 Nxa2 33. a7 Rf8 34. Nd2 Qf7 {Black used his chance. Accuracy: White = 37%, Black = 56%.} 0-1

[Event "GER-ch Blitz Women 2020"]
[Site "Magdeburg"]
[Date "2020.08.15"]
[Round "6.6"]
[White "Michna, Marta"]
[Black "Zschischang, Marine"]
[Result "1-0"]
[WhiteElo "2350"]
[BlackElo "2070"]
[Annotator "TA"]
[PlyCount "70"]
[EventDate "2020.07.28"]
[EventType "tourn"]
[EventCountry "GER"]
[SourceTitle "playchess.com"]
[Source "ChessBase"]
[SourceQuality "1"]

{[%evp 9,70,14,56,-4,0,2,0,-2,6,-14,15,14,15,12,8,19,29,28,23,29,36,13,23,4,20,3,46,43,68,53,87,7,139,95,237,237,286,240,303,310,314,312,420,429,421,423,436,445,452,446,576,585,597,595,650,630,662,652,601,0,643,633,641]} 1. d4 e6 2. Bf4 d5 3. e3 c5 4. c3 Qb6 5. Qb3 c4 {[#]} 6. Qxb6 $146 {D00: 1 d4 d5: Unusual lines.} (6. Qc2 $14) ({Predecessor:} 6. Qc2 Nf6 7. Nd2 Nh5 8. Bg5 h6 9. Bh4 g5 10. Be2 Ng7 11. Bg3 Nf5 12. Be5 {1-0 (33) Rasmussen,M (1882)-Madsen,S (1655) Helsingor 2019}) 6... axb6 $11 7. a3 b5 8. Nd2 {The position is equal.} Nc6 9. Rc1 Nf6 10. h3 Nd7 11. Be2 Nb6 12. Bd1 Na4 13. Rb1 $1 Bd7 14. Ngf3 f6 15. h4 h5 16. Bc2 Kf7 17. e4 Be7 18. O-O Ra7 19. Rfe1 $36 {[%mdl 2048] White has some pressure.} Rha8 20. Nh2 (20. e5 $16) 20... Bxa3 {White stays focused until the end.} (20... Nxc3 $11 {keeps the balance.} 21. bxc3 Rxa3) 21. Bxa4 $16 (21. bxa3 Nxc3 22. Nhf3 Nxb1 $17) 21... Rxa4 (21... Bxb2 $16 22. exd5 (22. Rxb2 bxa4 23. Bd6 b5 $16) (22. Bxb5 Bxc3 23. Nhf3 Ra1 $14) 22... exd5) 22. bxa3 $18 Nd8 23. exd5 exd5 24. Bd6 {[#] Hoping for Re7+.} Ne6 25. g3 Rxa3 26. Bxa3 Rxa3 27. Rec1 g6 28. Ndf1 Ng7 29. Ne3 Ne8 30. Nxd5 Nd6 31. f3 Bf5 32. Rb2 Be6 33. Nc7 Bd7 34. Nd5 Be6 $1 35. Nf4 Bf5 {Accuracy: White = 89%, Black = 47%.} 1-0

[Event "GER-ch Blitz Women 2020"]
[Site "Magdeburg"]
[Date "2020.08.15"]
[Round "6.7"]
[White "Osmanodja, Filiz"]
[Black "Heinemann, Josefine"]
[Result "0-1"]
[WhiteElo "2293"]
[BlackElo "2281"]
[Annotator "TA"]
[PlyCount "62"]
[EventDate "2020.07.28"]
[EventType "tourn"]
[EventCountry "GER"]
[SourceTitle "playchess.com"]
[Source "ChessBase"]
[SourceQuality "1"]

{[%evp 12,62,14,15,24,11,17,11,19,23,16,21,27,0,-1,-21,-21,-35,0,-8,23,-29,-44,-38,-50,-42,10,9,0,-86,-93,-229,-51,-45,-39,-210,-207,-450,-441,-533,-548,-531,-539,-729,-729,-1306,-1325,-1552,-1547,-1522,-1485,-2904,-2879]} 1. e4 e5 2. Nf3 Nc6 3. Bb5 a6 4. Ba4 Nf6 5. Nc3 b5 6. Bb3 Bc5 7. d3 {7.a4 gains popularity.} O-O {C77: Ruy Lopez: 3...a6 4 Ba4 Nf6, unusual lines.} 8. Nd5 Nxd5 9. Bxd5 Qe8 {The position is equal.} 10. c3 Rb8 11. O-O d6 {[#]} 12. d4 $146 ({Predecessor:} 12. b4 Bb6 13. a4 Ne7 14. Bb3 h6 15. h3 Ng6 16. Bd2 Kh8 17. Nh2 f5 18. Qh5 {½-½ (37) Babulova,M (2166)-Zhak,O (2353) ICCF email 2017}) 12... exd4 13. cxd4 Bb6 14. Re1 Ne7 15. Bb3 $1 Ng6 16. Ng5 (16. h3 $142) 16... h6 $11 17. Qh5 hxg5 18. Qxg6 $1 Be6 ({Black should play} 18... Bxd4 $15 19. Qxg5 Be6) 19. Bxe6 $1 Qxe6 20. Qxg5 (20. Qxe6 $11 {remains equal.} fxe6 21. Be3) 20... Bxd4 $17 21. Rb1 (21. Re2 $17) 21... c5 $2 {[#]} (21... Qxa2 $19 22. Bd2 Bxb2) 22. Bf4 $15 Rbd8 23. Qh5 $2 ({Better is} 23. b3 $15) 23... Qxa2 $19 24. Ra1 $2 (24. Kf1 {only move.}) 24... Qxb2 {Black is clearly winning.} 25. Bg3 Qxa1 26. Rxa1 Bxa1 27. h4 b4 {[%cal Bb5b4,Bb4b3,Bb3b2][%mdl 32]} 28. Qf5 b3 29. h5 b2 30. e5 dxe5 {[#] Threatens to win with ...Rd1+.} 31. Kh2 Rd1 {Accuracy: White = 39%, Black = 75%.} 0-1

[Event "GER-ch Blitz Women 2020"]
[Site "Magdeburg"]
[Date "2020.08.15"]
[Round "6.8"]
[White "Braun, Kristin"]
[Black "Leib, Britta"]
[Result "1/2-1/2"]
[WhiteElo "1918"]
[BlackElo "1903"]
[Annotator "ChessBase"]
[PlyCount "177"]
[EventDate "2020.07.28"]
[EventType "tourn"]
[EventCountry "GER"]
[SourceTitle "playchess.com"]
[Source "ChessBase"]
[SourceQuality "1"]
[TimeControl "180+2"]

1. e4 {[%emt 0:00:00]} e6 {[%emt 0:00:00]} 2. d4 {[%emt 0:00:00]} d5 {[%emt 0:00:00]} 3. exd5 {[%emt 0:00:00]} exd5 {[%emt 0:00:00]} 4. Nf3 {[%emt 0:00:01]} Nf6 {[%emt 0:00:01]} 5. c4 {[%emt 0:00:00]} c6 {[%emt 0:00:01]} 6. Nc3 {[%emt 0:00:02]} Bf5 {[%emt 0:00:04]} 7. Be2 {[%emt 0:00:01]} h6 {[%emt 0:00:02]} 8. O-O {[%emt 0:00:02]} Be7 {[%emt 0:00:01]} 9. Bf4 {[%emt 0:00:07]} dxc4 {[%emt 0:00:25]} 10. Bxc4 {[%emt 0:00:01]} Nbd7 {[%emt 0:00:01]} 11. Qb3 {[%emt 0:00:31]} O-O {[%emt 0:00:16]} 12. Ne5 Nh5 {[%emt 0:00:19]} 13. Nxf7 {[%emt 0:00:21]} Qb6 {[%emt 0:00:27]} 14. Qxb6 {[%emt 0:00:01]} Nxb6 {[%emt 0:00:02]} 15. Nxh6+ Kh7 16. Nxf5 {[%emt 0:00:29]} Rxf5 {[%emt 0:00:01]} 17. Bd3 {[%emt 0:00:01]} Nxf4 {[%emt 0:00:05]} 18. Bxf5+ {[%emt 0:00:01]} g6 {[%emt 0:00:01]} 19. Bc2 {[%emt 0:00:04]} Rd8 {[%emt 0:00:04]} 20. Rad1 {[%emt 0:00:08]} Bf6 {[%emt 0:00:05]} 21. g3 {[%emt 0:00:13]} Nh3+ {[%emt 0:00:07]} 22. Kg2 {[%emt 0:00:02]} Ng5 {[%emt 0:00:03]} 23. h4 {[%emt 0:00:22]} Nf7 {[%emt 0:00:00]} 24. h5 {[%emt 0:00:02]} Nh6 {[%emt 0:00:07]} 25. Bxg6+ Kg7 26. Ne4 {[%emt 0:00:12]} Bxd4 {[%emt 0:00:08]} 27. Ng5 {[%emt 0:00:01]} Kf6 {[%emt 0:00:03]} 28. Nf3 {[%emt 0:00:08]} c5 {[%emt 0:00:03]} 29. Nxd4 {[%emt 0:00:03]} cxd4 {[%emt 0:00:01]} 30. f3 {[%emt 0:00:12]} Rd7 {[%emt 0:00:05]} 31. Rfe1 {[%emt 0:00:02]} Nc4 {[%emt 0:00:07]} 32. Re4 {[%emt 0:00:12]} Nxb2 {[%emt 0:00:23]} 33. Rdxd4 {[%emt 0:00:04]} Rc7 {[%emt 0:00:05]} 34. Rd2 {[%emt 0:00:08]} Nc4 {[%emt 0:00:03]} 35. Rf4+ {[%emt 0:00:03]} Kg7 {[%emt 0:00:02]} 36. Re2 {[%emt 0:00:07]} Ng8 {[%emt 0:00:03]} 37. g4 {[%emt 0:00:05]} Nf6 {[%emt 0:00:01]} 38. Kf2 {[%emt 0:00:04]} b5 {[%emt 0:00:03]} 39. a4 {[%emt 0:00:03]} a6 {[%emt 0:00:06]} 40. axb5 {[%emt 0:00:00]} axb5 {[%emt 0:00:01]} 41. Rf5 {[%emt 0:00:04]} b4 {[%emt 0:00:06]} 42. Rb5 {[%emt 0:00:01]} Nd5 {[%emt 0:00:17]} 43. Be4 {[%emt 0:00:03]} Nc3 {[%emt 0:00:02]} 44. Rc2 {[%emt 0:00:04]} Nxb5 {[%emt 0:00:02]} 45. Bd3 {[%emt 0:00:04]} Nbd6 {[%emt 0:00:01]} 46. g5 {[%emt 0:00:03]} b3 {[%emt 0:00:00]} 47. Rc1 {[%emt 0:00:04]} b2 {[%emt 0:00:01]} 48. Rb1 {[%emt 0:00:00]} Rc5 {[%emt 0:00:07]} 49. h6+ {[%emt 0:00:01]} Kg8 {[%emt 0:00:00]} 50. h7+ {[%emt 0:00:03]} Kg7 {[%emt 0:00:02]} 51. g6 {[%emt 0:00:02]} Rh5 {[%emt 0:00:01]} 52. Bxc4 {[%emt 0:00:04]} Nxc4 {[%emt 0:00:01]} 53. Ke2 {[%emt 0:00:02]} Kxg6 {[%emt 0:00:03]} 54. Kd3 {[%emt 0:00:01]} Ne5+ {[%emt 0:00:00]} 55. Kc2 {[%emt 0:00:02]} Rh2+ {[%emt 0:00:02]} 56. Kb3 {[%emt 0:00:01]} Nxf3 {[%emt 0:00:03]} 57. Rxb2 {[%emt 0:00:01]} Rxh7 {[%emt 0:00:01]} 58. Rg2+ {[%emt 0:00:01]} Kf5 {[%emt 0:00:01]} 59. Ra2 {[%emt 0:00:01]} Nd4+ {[%emt 0:00:01]} 60. Kc4 Ke4 {[%emt 0:00:02]} 61. Ra8 {[%emt 0:00:02]} Rc7+ {[%emt 0:00:01]} 62. Kb4 {[%emt 0:00:01]} Kd3 {[%emt 0:00:01]} 63. Ra3+ {[%emt 0:00:01]} Ke4 {[%emt 0:00:01]} 64. Ra8 {[%emt 0:00:01]} Nc6+ {[%emt 0:00:02]} 65. Kc5 {[%emt 0:00:03]} Ne5+ {[%emt 0:00:03]} 66. Kb6 {[%emt 0:00:02]} Rc6+ {[%emt 0:00:01]} 67. Kb5 {[%emt 0:00:01]} Rc1 {[%emt 0:00:04]} 68. Ra4+ {[%emt 0:00:01]} Kd5 {[%emt 0:00:01]} 69. Rh4 {[%emt 0:00:05]} Rb1+ {[%emt 0:00:03]} 70. Ka4 {[%emt 0:00:02]} Kc5 {[%emt 0:00:02]} 71. Rh5 {[%emt 0:00:05]} Kd4 {[%emt 0:00:08]} 72. Rh4+ {[%emt 0:00:02]} Kc3 {[%emt 0:00:01]} 73. Rh3+ {[%emt 0:00:00]} Nd3 {[%emt 0:00:00]} 74. Ka5 {[%emt 0:00:04]} Kc4 {[%emt 0:00:04]} 75. Ka6 {[%emt 0:00:02]} Nc5+ {[%emt 0:00:04]} 76. Ka7 {[%emt 0:00:02]} Rb7+ {[%emt 0:00:04]} 77. Ka8 {[%emt 0:00:01]} Rf7 {[%emt 0:00:01]} 78. Kb8 {[%emt 0:00:02]} Nb3 {[%emt 0:00:09]} 79. Rh1 {[%emt 0:00:07]} Nd4 {[%emt 0:00:01]} 80. Rc1+ {[%emt 0:00:01]} Kd5 {[%emt 0:00:00]} 81. Rh1 {[%emt 0:00:00]} Nc6+ {[%emt 0:00:00]} 82. Kc8 {[%emt 0:00:00]} Kd6 {[%emt 0:00:02]} 83. Rd1+ {[%emt 0:00:01]} Kc5 {[%emt 0:00:02]} 84. Rc1+ Kd5 {[%emt 0:00:13]} 85. Rd1+ {[%emt 0:00:00]} Nd4 {[%emt 0:00:01]} 86. Rh1 {[%emt 0:00:00]} Kd6 {[%emt 0:00:06]} 87. Rd1 {[%emt 0:00:02]} Ke5 {[%emt 0:00:10]} 88. Re1+ {[%emt 0:00:00]} Kd5 89. Rd1 {[%emt 0:00:01]} 1/2-1/2

[Event "GER-ch Blitz Women 2020"]
[Site "Magdeburg"]
[Date "2020.08.15"]
[Round "6.9"]
[White "Mader, Lena"]
[Black "Voicu-Jagodzinsky, Carmen"]
[Result "0-1"]
[WhiteElo "1839"]
[BlackElo "2244"]
[Annotator "TA"]
[PlyCount "56"]
[EventDate "2020.07.28"]
[EventType "tourn"]
[EventCountry "GER"]
[SourceTitle "playchess.com"]
[Source "ChessBase"]
[SourceQuality "1"]

{[%evp 9,56,0,16,14,23,0,4,5,12,0,24,10,14,2,17,0,4,-48,-48,-25,-33,-74,-80,-79,-11,-132,-98,-107,-83,-93,-52,-69,-34,-132,-141,-133,-140,-146,-135,-345,-345,-458,-430,-421,-420,-948,-945,-921,-923]} 1. c4 c5 2. Nc3 g6 3. g3 Bg7 4. Bg2 Nc6 5. Nf3 e5 6. d3 {A37: Symmetrical English vs ...g6: 4 Bg2 Bg7 5 Nf3.} f5 7. e3 Nf6 8. O-O {The position is equal.} O-O 9. Rb1 d6 10. a3 a5 {[#]} 11. h3 $146 ({Predecessor:} 11. b3 Ne8 12. Nd5 Nf6 13. Nd2 Be6 14. Bb2 Rb8 15. Qc2 Qd7 16. f4 exf4 17. Bxf6 Bxf6 18. gxf4 {1-0 (67) Moradiabadi,E (2530)-Niemann,H (2254) Calgary 2017}) 11... h6 12. Nb5 Be6 13. Bd2 (13. b3 $11) 13... d5 $15 14. cxd5 Nxd5 15. Nc3 Nde7 16. Qe2 Qd7 (16... a4 $17) 17. Kh2 (17. Na4 $1 $11 {keeps the balance.}) 17... b6 18. Rfd1 Rad8 19. Be1 g5 20. Na4 Nc8 21. Rbc1 (21. b3 $15) 21... Bb3 $36 {[%mdl 2048] Black is on the roll.} 22. Nc3 Bxd1 23. Rxd1 Kh8 24. Na4 $2 {[#] This costs White the game.} (24. Nd2 $17 {was necessary.}) 24... e4 $19 25. Ng1 exd3 26. Qh5 Ne5 27. Nf3 (27. Bc3 $142 Qxa4 28. Bxe5 Bxe5 29. Qxh6+ Kg8 30. Qe6+ Kh7 31. b3) 27... Nxf3+ 28. Bxf3 Qxa4 {Accuracy: White = 51%, Black = 77%.} 0-1